| 000 | 00998nam2a22002411 4500 | ||
|---|---|---|---|
| 001 | rc\3536315 | ||
| 005 | 20250610033139.0 | ||
| 021 |
_aRU _bРг12311-73 |
||
| 035 | _a(NLR Aleph) 007667535 | ||
| 090 |
_a6399118 _c6399118 |
||
| 100 | _a20130115d1973 |||y0rusy50 ca | ||
| 101 | 0 | _arus | |
| 102 | _aRU | ||
| 105 | _aa z ||||| | ||
| 200 | 0 | _aВып. 2 | |
| 210 |
_d1973 _aБ. м. |
||
| 215 |
_a207 с. _cил. |
||
| 461 | 0 |
_1001rc\3536314 _12001#$aВопросы магнитной записи электрических сигналов$eСборник статей$fПод ред. проф. И.Е. Горона. [Вып. 1]$vВып. 2 _96399110 _cМосква _d1970 _fПод ред. проф. И.Е. Горона. [Вып. 1] _nСвязь _oСборник статей _p231 с. _tВопросы магнитной записи электрических сигналов _vВып. 2 |
|
| 801 | 0 |
_aRU _bNLR _gpsbo |
|
| 801 | 1 |
_aRU _bELAR _2rusmarc |
|
| 852 |
_aNLR _j70-5/1404 |
||
| 942 | _cBOOK | ||
| 980 | _aNB | ||